Concepts in engineering
Concepts in Engineering is an abridged version of Holtzapple and Reece's popular Foundations of Engineering text. Concepts in Engineering describes key engineering topics suitable for a short introduction to engineering course. It provides an overview of engineering professionalism and basic to...
Đã lưu trong:
| Tác giả chính: | |
|---|---|
| Định dạng: | Sách |
| Ngôn ngữ: | Undetermined |
| Được phát hành: |
Boston
McGraw-Hill
2005
|
| Những chủ đề: | |
| Các nhãn: |
Thêm thẻ
Không có thẻ, Là người đầu tiên thẻ bản ghi này!
|
| Thư viện lưu trữ: | Trung tâm Học liệu Trường Đại học Cần Thơ |
|---|
| LEADER | 00896nam a2200205Ia 4500 | ||
|---|---|---|---|
| 001 | CTU_138285 | ||
| 008 | 210402s9999 xx 000 0 und d | ||
| 020 | |c 57.50 | ||
| 082 | |a 620 | ||
| 082 | |b H758 | ||
| 100 | |a Holtzapple, Mark T. | ||
| 245 | 0 | |a Concepts in engineering | |
| 245 | 0 | |c Mark T. Holtzapple, W. Dan Reece | |
| 260 | |a Boston | ||
| 260 | |b McGraw-Hill | ||
| 260 | |c 2005 | ||
| 520 | |a Concepts in Engineering is an abridged version of Holtzapple and Reece's popular Foundations of Engineering text. Concepts in Engineering describes key engineering topics suitable for a short introduction to engineering course. It provides an overview of engineering professionalism and basic tools students will need in their future studies | ||
| 650 | |a Engineering.,Kỹ sư | ||
| 904 | |i Nguyễn Thị Kiều Đượm | ||
| 980 | |a Trung tâm Học liệu Trường Đại học Cần Thơ | ||